书目信息 |
| 题名: |
精奇里江畔
|
|
| 作者: | 胡景芳 著 | |
| 分册: | ||
| 出版信息: | 天津 新蕾出版社 1980 |
|
| 页数: | 206页 | |
| 开本: | 19cm | |
| 丛书名: | ||
| 单 册: | ||
| 中图分类: | I287.45 , I247.5 | |
| 科图分类: | ||
| 主题词: | 儿童文学-中篇小说--中国--现代 , 中篇小说-儿童文学--中国--现代 , 小说--中国 | |
| 电子资源: | ||
| ISBN: | ||
| 000 | 00674nam0 2200253 450 | |
| 001 | 1547178398 | |
| 005 | 20150125130937.81 | |
| 010 | @dCNY0.50 | |
| 091 | @aR10213.6 | |
| 100 | @a19960215d1980 cdmy0chiy0110 ea | |
| 101 | 0 | @achi |
| 102 | @aCN@b120000 | |
| 105 | @af z 000ay | |
| 200 | 1 | @a精奇里江畔@9jing ji li jiang pan@f胡景芳著 |
| 210 | @a天津@c新蕾出版社@d1980 | |
| 215 | @a206页@c插图@d19cm | |
| 606 | 0 | @a儿童文学-中篇小说@y中国@z现代 |
| 606 | 0 | @a中篇小说-儿童文学@y中国@z现代 |
| 606 | 0 | @a小说@x中国 |
| 690 | @aI287.45@v5 | |
| 690 | @aI247.5@v4 | |
| 701 | 0 | @a胡景芳@9hu jing fang@4著 |
| 801 | 0 | @aCN@bTSSF@c20150125 |
| 905 | @aZUCC@dI247.5@eJY307 | |
| 精奇里江畔/胡景芳著.-天津:新蕾出版社,1980 |
| 206页:插图;19cm |
| ISBN :CNY0.50 |
| ● |
| 相关链接 |
|
|
|
|
正题名:精奇里江畔
索取号:I247.5/JY307
 
预约/预借
| 序号 | 登录号 | 条形码 | 馆藏地/架位号 | 状态 | 备注 |
| 1 | 7861371 | 278613715 | 学院路分馆/ [索取号:I247.5/JY307] | 在馆 | |
| 2 | 7861373 | 278613733 | 学院路分馆/ [索取号:I247.5/JY307] | 在馆 |